Strategic credit management / (Record no. 2595)

MARC details
000 -LEADER
fixed length control field 00886cam a2200193 a 4500
020 ## - INTERNATIONAL STANDARD BOOK NUMBER
ISBN 047158343X (cloth : alk. paper)
022 ## - INTERNATIONAL STANDARD SERIAL NUMBER
ISSN 9780471583431
050 00 - CALL NUMBER
Classification number HG3751
Item number .B383
100 1# - AUTHOR
Personal name Basu, Sam N.,
245 10 - TITLE
Title Strategic credit management /
Statement of responsibility, etc Sam N. Basu and Harold L. Rolfes, Jr.
260 ## - PUBLICATION INFORMATION
Place of publication New York :
Name of publisher J. Wiley,
Year of publication c1995.
300 ## - DESCRIPTION
Number of Pages xii, 235 p. :
Other physical details ill. ;
Dimensions 24 cm.
500 ## - NOTES
General note includes index
505 ## - FORMATTED CONTENTS NOTE
Table of Content The Strategic Environment for Banking. The Credit Management Process. Credit Management Supervision. Credit Analysis. Risk and Return in Banking. Loan Workout. The Legal Environment of Lending. Credit Training. Social Environment for Banking. Deregulation and the Credit Management Process. Strategic Management of the Credit Process in the 90s. Index.
650 #0 - SUBJECTS
Topical Term Credit
General subdivision Management.
650 #0 - SUBJECTS
Topical Term Bank loans.
700 1# - OTHER AUTHORS
Personal name Rolfes, Harold L.
942 ## - ADDED ENTRY ELEMENTS (KOHA)
Koha item type Books
Holdings
Withdrawn status Lost status Collection code Home library Current library Shelving location Date acquired Full call number Accession Number Koha item type
    Reference Methodist University Library Main Methodist University Library Main General Stacks 19/01/2001 HG3751 .B383 10878 Books
Copyright © 2026  MUG Library